A nélkülözhetetlen ünnep
Elmentve itt :
| Szerző: | |
|---|---|
| Adatforrás: | Meister |
| Forrásdokumentuma: | A Hét. - 47 sz., 1993, 1 p. |
| Nyelv: | magyar |
| Kulcsszavak: | politikai publicisztika nacionalizmus |
| LEADER | 00356nab a2200133 i 4500 | ||
|---|---|---|---|
| 001 | bibPRO00005567 | ||
| 008 | 060524s1993 xx hun | ||
| 040 | |a Sz1 | ||
| 041 | |a hun | ||
| 100 | 1 | |a GÁLFALVI Zsolt | |
| 245 | 1 | 2 | |a A nélkülözhetetlen ünnep |c GÁLFALVI Zsolt |
| 695 | |a politikai publicisztika | ||
| 695 | |a nacionalizmus | ||
| 773 | 0 | |t A Hét. - |g 47 sz., 1993, 1 p. | |